| 000 | 01787nac a2200289 a 4500 | ||
|---|---|---|---|
| 003 | CO-PeBPM | ||
| 005 | 20250127164901.0 | ||
| 007 | ta | ||
| 008 | 250127s2018 ck |||| |||| 00| 0 spa d | ||
| 020 | _aISBN 13: 9789584270030 | ||
| 020 | _a10: 9584270036 | ||
| 020 | _aISBN: 9786070749445 Primera edición México | ||
| 040 |
_aCO-PeBPM _bspa _cCO-PeBPM _erda |
||
| 041 | _aspa | ||
| 082 | 0 | 4 |
_aBr869.3 F676c _222 |
| 100 | 1 | 0 |
_aFonseca, Rubem _d, 1925- _eautor |
| 245 | 1 | 0 |
_aCuentos completos _c/ Rubem Fonseca |
| 260 |
_aBogotá, Colombia _b: Planeta Colombiana _c, 2018 |
||
| 300 |
_a3 volúmenes _c22,5 centímetros |
||
| 490 | _aAndanzas | ||
| 500 | _aIncluyen índice al final del texto | ||
| 520 | _aPor estas historias de uno de los maestros de la literatura contemporánea, transitan asesinos, prostitutas, pobres… marginales. Cuentos con un estilo crudo y brutal. Descarnados. Como la vida misma. La biografía del autor está entreverada con sus historias: Rubem Fonseca fue comisario policial y sus libros hablan de ese mundo. Sólo que en sus páginas el bien tiene perdida la partida siempre. Por ello su producción se podría clasificar dentro del género negro. Sin embargo todos estos relatos son sorprendentes y de una belleza perturbadora tal, que sólo es posible leerlos uno tras otro. En este último tomo se reúnen 5 libros que dan cuenta de su producción en un género que, decía Cortázar, se debía ganar por nocaut. Y estos cuentos son un golpetazo directo a la cabeza. Todo ello con un dominio impecable del lenguaje, humor y exuberancia expresiva. | ||
| 650 | 1 | 4 |
_aCuentos brasileños _2LEMB |
| 650 | 1 | 4 |
_aLiteratura brasileña _2LEMB |
| 942 |
_2ddc _cBK _n0 |
||
| 999 |
_c60448 _d60448 |
||